[Event "gameknot.com marekt's mini-tournament (1.b4 thematic) XX"]
[Site "?"]
[Date "2016.??.??"]
[Round "?"]
[White "reza34861"]
[Black "southview"]
[Result "0-1"]
[WhiteElo "1945"]
[BlackElo "2225"]
[PlyCount "102"]
[EventDate "2016.??.??"]

1. b4 e5 2. Bb2 f6 3. e4 d5 4. f4 exf4 5. Qh5+ g6 6. Qxd5 Qxd5 7. exd5 Bxb4 8.
a3 Bd6 9. Bc4 Bf5 10. d3 Nd7 11. Nf3 O-O-O 12. Nbd2 Re8+ 13. Kf2 Nh6 14. Rhe1
Ng4+ 15. Kg1 Ne3 16. Bb3 Nc5 17. Rac1 Re7 18. Bxf6 Nxb3 19. Nxb3 Rhe8 20. Bxe7
Bxe7 21. Re2 a6 22. a4 g5 23. Nbd4 Bc5 24. Kh1 Bg6 25. Ne6 Nxd5 26. c4 Be3 27.
cxd5 Bxc1 28. Rc2 Be3 29. Nxc7 Bxd3 30. Rc3 Re4 31. Nb5+ Kd7 32. Rc7+ Kd8 33.
Nxg5 Bxb5 34. d6 Bc6 35. Nf7+ Ke8 36. d7+ Bxd7 37. Nd6+ Kd8 38. Rxd7+ Kxd7 39.
Nxe4 b5 40. axb5 axb5 41. Nc3 b4 42. Nd5 b3 43. Nc3 b2 44. g4 f3 45. h4 Kd6 46.
Kh2 Bd4 47. Nb1 Ke5 48. Kg3 Ke4 49. g5 Ke3 50. Na3 f2 51. Nc2+ Ke4 0-1

[Event "gameknot.com marekt's mini-tournament (1.b4 thematic) XX"]
[Site "?"]
[Date "2017.??.??"]
[Round "?"]
[White "reza34861"]
[Black "tbre0022"]
[Result "0-1"]
[WhiteElo "1960"]
[BlackElo "2405"]
[PlyCount "86"]
[EventDate "2017.??.??"]

1. b4 e5 2. Bb2 f6 3. e4 d5 4. f4 exf4 5. Qh5+ g6 6. Qxd5 Qxd5 7. exd5 Bxb4 8.
a3 Bd6 9. Bc4 Bf5 10. Nf3 Nd7 11. d3 Nh6 12. O-O Ng4 13. Re1+ Ne3 14. Nbd2 Kf7
15. Nd4 Nc5 16. Bc3 Bd7 17. Ba2 Rae8 18. Rab1 g5 19. Ba5 b6 20. Bc3 Ba4 21.
Rbc1 Nxc2 22. Rxe8 Rxe8 23. Rxc2 Bxc2 24. Nxc2 Re2 25. Nd4 Re1+ 26. Nf1 Rd1 27.
Bc4 a6 28. Nf5 b5 29. Ba2 Nxd3 30. Bb3 Rb1 31. Bc2 Rc1 32. Bxd3 Rxc3 33. Nxd6+
cxd6 34. Bxh7 Rxa3 35. g3 a5 36. gxf4 gxf4 37. Kg2 a4 38. h4 b4 39. h5 Rc3 40.
h6 a3 41. Bb1 b3 42. h7 Kg7 43. Nd2 a2 0-1

[Event "gameknot.com marekt's mini-tournament (1.b4 thematic) XX"]
[Site "?"]
[Date "2016.??.??"]
[Round "?"]
[White "reza34861"]
[Black "headologer"]
[Result "1-0"]
[WhiteElo "1925"]
[BlackElo "1955"]
[PlyCount "63"]
[EventDate "2016.??.??"]

1. b4 e5 2. Bb2 f6 3. e4 d5 4. f4 exf4 5. Qh5+ g6 6. Qxd5 Qxd5 7. exd5 Bxb4 8.
a3 Bd6 9. Bb5+ Bd7 10. Bxd7+ Nxd7 11. Nc3 Ne7 12. Nge2 O-O 13. Nb5 g5 14. Nxd6
cxd6 15. c4 Ne5 16. Bxe5 fxe5 17. Nc3 Rac8 18. d3 h6 19. Nb5 Rc5 20. Nxd6 b6
21. O-O Nf5 22. Ne4 Ra5 23. a4 Kf7 24. Nc3 Nd4 25. Rae1 Kf6 26. Rf2 Kf5 27. Ra2
g4 28. Re4 h5 29. Ra1 Rc5 30. Rae1 Re8 31. Nb5 Nc2 32. Nd6+ 1-0

[Event "gameknot.com marekt's mini-tournament (1.b4 thematic) XX"]
[Site "?"]
[Date "2016.??.??"]
[Round "?"]
[White "srpolash"]
[Black "marekt"]
[Result "0-1"]
[WhiteElo "1900"]
[BlackElo "2175"]
[PlyCount "111"]
[EventDate "2016.??.??"]

1. b4 e5 2. Bb2 f6 3. e4 d5 4. f4 exf4 5. Qh5+ g6 6. Qxd5 Qxd5 7. exd5 Bxb4 8.
Nc3 Kf7 9. Nge2 Ne7 10. Nxf4 Bd6 11. Bc4 Bxf4 12. d6+ Be6 13. Bxe6+ Kxe6 14.
dxe7 Nd7 15. O-O-O Rhe8 16. Ba3 c5 17. Rhe1+ Kf7 18. Re4 Bd6 19. Nb5 Bb8 20.
Rde1 f5 21. R4e3 Bf4 22. Rf3 a6 23. Nc3 Bd6 24. Nd5 Nf6 25. Nxf6 Kxf6 26. Rd3
Bxe7 27. Rd7 b5 28. Kd1 Rab8 29. d4 Bf8 30. Rxe8 Rxe8 31. Bxc5 Bxc5 32. dxc5
Rc8 33. Rd6+ Ke5 34. Rxa6 Rxc5 35. Ra5 Kd4 36. a4 bxa4 37. Rxa4+ Ke3 38. Ra7
Kf2 39. g3 h5 40. Rd7 g5 41. Rd2+ Kg1 42. h4 f4 43. gxf4 gxf4 44. Rd3 Kg2 45.
Rd2+ Kf1 46. Rd3 Rf5 47. Rd6 f3 48. c3 f2 49. Rg6 Rf4 50. Rg5 Rxh4 51. Kd2 Rh2
52. Ke3 h4 53. Kf3 Rh3+ 54. Kg4 Rg3+ 55. Kxh4 Rxg5 56. Kxg5 0-1

[Event "gameknot.com marekt's mini-tournament (1.b4 thematic) XX"]
[Site "?"]
[Date "2016.??.??"]
[Round "?"]
[White "tbre0022"]
[Black "breughel"]
[Result "1/2-1/2"]
[WhiteElo "2200"]
[BlackElo "2340"]
[PlyCount "117"]
[EventDate "2016.??.??"]

1. b4 e5 2. Bb2 f6 3. e4 d5 4. f4 exf4 5. Qh5+ g6 6. Qxd5 Qxd5 7. exd5 Bxb4 8.
Nc3 Ne7 9. Ne4 Nd7 10. a3 Bd6 11. Bb5 O-O 12. Bxd7 Bxd7 13. Nxf6+ Rxf6 14. Bxf6
Nxd5 15. Bb2 Nb6 16. Nf3 Nc4 17. O-O-O Rf8 18. Rhg1 Rf5 19. d3 Ne3 20. Rde1 Rc5
21. Re2 Rh5 22. h3 Ba4 23. Kb1 Bc6 24. Nd4 Bxg2 25. Rxe3 fxe3 26. Rxg2 Rxh3 27.
c4 Kf7 28. Kc2 h5 29. Ne2 h4 30. Rg1 Rf3 31. d4 h3 32. c5 Bf4 33. Kd3 g5 34. d5
h2 35. Rh1 Rf2 36. Bd4 Ke7 37. a4 b6 38. c6 Bd6 39. Kxe3 Rf7 40. Ke4 Ke8 41.
Bc3 g4 42. Be1 Rf3 43. Bh4 a6 44. Nd4 Rf4+ 45. Ke3 Rf7 46. Ne2 Rf3+ 47. Ke4 Ra3
48. Kf5 Re3 49. Ng3 Bxg3 50. Bxg3 Rxg3 51. Rxh2 Ke7 52. Rh7+ Kd6 53. Ke4 Rg1
54. Rd7+ Kc5 55. Rxc7 Re1+ 56. Kd3 Kxd5 57. Rg7 Kxc6 58. Rxg4 Rd1+ 59. Kc2
1/2-1/2

[Event "gameknot.com marekt's mini-tournament (1.b4 thematic) XX"]
[Site "?"]
[Date "2016.??.??"]
[Round "?"]
[White "srpolash"]
[Black "the_great_omni"]
[Result "0-1"]
[WhiteElo "1915"]
[BlackElo "2445"]
[PlyCount "133"]
[EventDate "2016.??.??"]

1. b4 e5 2. Bb2 f6 3. e4 d5 4. f4 exf4 5. Qh5+ g6 6. Qxd5 Qxd5 7. exd5 Bxb4 8.
Nc3 Ne7 9. Bc4 Nd7 10. Ne4 Nf5 11. Ne2 Nd6 12. Nxd6+ Bxd6 13. O-O g5 14. Nd4
Ne5 15. Be2 Kf7 16. Bh5+ Kg7 17. Rae1 Kh6 18. Be2 Re8 19. Bc3 Bc5 20. Kh1 Bxd4
21. Bxd4 a6 22. Bd3 Bg4 23. Be4 Nc4 24. Bc3 Nd6 25. Bd3 Kg7 26. Kg1 Bf5 27.
Bxf5 Nxf5 28. Re6 Rxe6 29. dxe6 Re8 30. Re1 Kg6 31. Kf2 Ng7 32. e7 Kf7 33. h4
h6 34. hxg5 hxg5 35. Bb4 Nf5 36. c4 Nxe7 37. Bc3 Rd8 38. Rh1 Kg6 39. Re1 Nc6
40. Re6 Rd6 41. Re8 Ne5 42. Rb8 b6 43. Bxe5 fxe5 44. Ke2 e4 45. Re8 Kf5 46. Re7
c5 47. Re8 g4 48. Rf8+ Kg5 49. g3 fxg3 50. Rg8+ Kf5 51. Rf8+ Rf6 52. Rg8 b5 53.
cxb5 axb5 54. a3 Ke5 55. Rxg4 Rf2+ 56. Ke1 Rf3 57. Rg5+ Kd4 58. Rg7 Rxa3 59.
Kd1 b4 60. Kc1 c4 61. Kc2 b3+ 62. Kb1 Ra2 63. Rd7+ Ke5 64. Rg7 Rxd2 65. Rxg3
Kd4 66. Rh3 c3 67. Rh1 0-1

[Event "gameknot.com marekt's mini-tournament (1.b4 thematic) XX"]
[Site "?"]
[Date "2016.??.??"]
[Round "?"]
[White "srpolash"]
[Black "reza34861"]
[Result "1-0"]
[WhiteElo "1920"]
[BlackElo "1915"]
[PlyCount "137"]
[EventDate "2016.??.??"]

1. b4 e5 2. Bb2 f6 3. e4 d5 4. f4 exf4 5. Qh5+ g6 6. Qxd5 Qxd5 7. exd5 Bxb4 8.
Nc3 Ne7 9. Bc4 Nd7 10. Ne4 Nf5 11. a3 Ba5 12. Ne2 O-O 13. Nxf4 Ne3 14. Bd3 Re8
15. Bd4 Nf5 16. Bf2 Nd6 17. Ne6 Nxe4 18. Bxe4 Nf8 19. O-O-O Nxe6 20. dxe6 c6
21. e7 Rxe7 22. Rde1 Be6 23. Bd3 Kf7 24. Rhf1 Rd7 25. Bh4 Bd8 26. Rf4 Bd5 27.
g4 Kg7 28. Rff1 Bf7 29. Re3 c5 30. Bb5 Rd4 31. h3 a6 32. Bd3 h5 33. Ref3 hxg4
34. Bxf6+ Bxf6 35. Rxf6 Be8 36. hxg4 Rxg4 37. Re6 Bb5 38. Re7+ Kh6 39. Rh1+ Kg5
40. Be4 Re8 41. Rxe8 Bxe8 42. Bxb7 Bb5 43. Rh7 Ra4 44. Kb2 Kf6 45. Rc7 Rd4 46.
Kc3 Rc4+ 47. Kb3 Rd4 48. Rxc5 Rxd2 49. a4 Bf1 50. Rc6+ Kf5 51. a5 Rd5 52. Bc8+
Kg5 53. Bxa6 Bxa6 54. Rxa6 Rd8 55. Rb6 Kf5 56. a6 g5 57. Kb4 g4 58. Rb7 Ra8 59.
Ka5 g3 60. Rg7 Kf4 61. a7 Rc8 62. Kb6 g2 63. Rxg2 Re8 64. c4 Re6+ 65. Kb5 Re8
66. c5 Ra8 67. Kb6 Ke5 68. Kb7 Rh8 69. a8=Q 1-0

[Event "gameknot.com marekt's mini-tournament (1.b4 thematic) XX"]
[Site "?"]
[Date "2016.??.??"]
[Round "?"]
[White "srpolash"]
[Black "tbre0022"]
[Result "0-1"]
[WhiteElo "1920"]
[BlackElo "2405"]
[PlyCount "124"]
[EventDate "2016.??.??"]

1. b4 e5 2. Bb2 f6 3. e4 d5 4. f4 exf4 5. Qh5+ g6 6. Qxd5 Qxd5 7. exd5 Bxb4 8.
Nc3 Ne7 9. Bc4 Nd7 10. Ne4 Nf5 11. a3 Be7 12. Nh3 Nd6 13. Nxd6+ Bxd6 14. O-O
Ne5 15. Bb5+ Bd7 16. Bxd7+ Kxd7 17. Nxf4 Nc4 18. Bc1 Rhe8 19. Rb1 f5 20. Rb3 a5
21. d4 a4 22. Rh3 Re7 23. Ne6 c6 24. Nf4 b5 25. dxc6+ Kxc6 26. d5+ Kb7 27. Ne6
Rc8 28. Rd1 Nb6 29. Bf4 Rxe6 30. dxe6 Bxf4 31. Rxh7+ Kc6 32. e7 Bd6 33. Rg7 g5
34. g4 fxg4 35. Rxg5 Bxe7 36. Rxg4 Bxa3 37. Rg6+ Kb7 38. Rg5 Ka6 39. Rb1 Bc5+
40. Kg2 b4 41. Rb2 Be7 42. Rg3 a3 43. Ra2 Nd5 44. Kh1 Bf6 45. Rd3 Nc3 46. Ra1
Ne4 47. Rdxa3+ bxa3 48. Rxa3+ Kb5 49. Re3 Nc3 50. Kg2 Nd5 51. Re1 Rxc2+ 52. Kh3
Bd8 53. Kg3 Bc7+ 54. Kf3 Bxh2 55. Ke4 Kc4 56. Kf3 Bd6 57. Re4+ Kc5 58. Rg4 Rc3+
59. Ke2 Nf4+ 60. Kd2 Kc4 61. Rh4 Kb3 62. Kd1 Rd3+ 0-1

[Event "gameknot.com marekt's mini-tournament (1.b4 thematic) XX"]
[Site "?"]
[Date "2016.??.??"]
[Round "?"]
[White "tbre0022"]
[Black "headologer"]
[Result "1-0"]
[WhiteElo "2200"]
[BlackElo "1955"]
[PlyCount "39"]
[EventDate "2016.??.??"]

1. b4 e5 2. Bb2 f6 3. e4 d5 4. f4 exf4 5. Qh5+ g6 6. Qxd5 Qxd5 7. exd5 Bxb4 8.
Nc3 Ne7 9. Ne4 Nxd5 10. Bc4 Nb6 11. Nxf6+ Kd8 12. Bb3 Rf8 13. Nxh7 Re8+ 14. Kf2
Bf5 15. Nf3 Nc6 16. Rae1 Rxe1 17. Rxe1 Kd7 18. Nf6+ Kd6 19. c3 Ba5 20. Ba3+ 1-0

[Event "gameknot.com marekt's mini-tournament (1.b4 thematic) XX"]
[Site "?"]
[Date "2016.??.??"]
[Round "?"]
[White "tbre0022"]
[Black "reza34861"]
[Result "1-0"]
[WhiteElo "2250"]
[BlackElo "1915"]
[PlyCount "103"]
[EventDate "2016.??.??"]

1. b4 e5 2. Bb2 f6 3. e4 d5 4. f4 exf4 5. Qh5+ g6 6. Qxd5 Qxd5 7. exd5 Bxb4 8.
Nc3 Ne7 9. Ne4 Nd7 10. a3 Bd6 11. Bb5 O-O 12. Bxd7 Bxd7 13. Nxf6+ Rxf6 14. Bxf6
Nxd5 15. Bb2 Re8+ 16. Kd1 Nb6 17. Nf3 Nc4 18. Bc1 Bc6 19. Re1 Rxe1+ 20. Kxe1 g5
21. Nxg5 Bxg2 22. d3 Ne5 23. Kf2 Bd5 24. Ne4 Ng4+ 25. Kg2 Kf7 26. h3 Be5 27.
Rb1 Ne3+ 28. Bxe3 fxe3 29. Kf3 Bd4 30. Ke2 Kg6 31. c3 Bg7 32. c4 Bc6 33. Rg1+
Kh6 34. Kxe3 Bd7 35. h4 Be6 36. Ng5 Bg8 37. Ke4 Bf8 38. Kf5 Bc5 39. Re1 Kg7 40.
Re8 Bxa3 41. Rd8 h6 42. Rd7+ Kh8 43. Ne4 Bh7+ 44. Ke5 Bxe4 45. dxe4 Bd6+ 46.
Kf6 Kg8 47. e5 Bb4 48. Rxc7 Be1 49. Rxb7 Bxh4+ 50. Kf5 Bf2 51. Kg6 Bc5 52. Rb8+
1-0

[Event "gameknot.com marekt's mini-tournament (1.b4 thematic) XX"]
[Site "?"]
[Date "2016.??.??"]
[Round "?"]
[White "rcm06"]
[Black "southview"]
[Result "0-1"]
[WhiteElo "2135"]
[BlackElo "2230"]
[PlyCount "104"]
[EventDate "2016.??.??"]

1. b4 e5 2. Bb2 f6 3. e4 d5 4. f4 exf4 5. Qh5+ g6 6. Qxd5 Qxd5 7. exd5 Bxb4 8.
Nc3 Ne7 9. Ne4 Nd7 10. Bc4 Nf5 11. Bb5 Be7 12. Ne2 f3 13. gxf3 O-O 14. Nf4 Nd6
15. Bd3 Nxe4 16. fxe4 Nc5 17. O-O Nxd3 18. cxd3 Bd7 19. Rac1 c6 20. a4 Rac8 21.
Kg2 Rf7 22. Bd4 Ba3 23. Rc4 a6 24. dxc6 Bxc6 25. Nd5 f5 26. Rc3 Be7 27. a5 Re8
28. Nxe7+ Rfxe7 29. Be3 Re5 30. Kg3 Rxa5 31. exf5 gxf5 32. Bc5 Re2 33. Rxf5
Rxd2 34. Kf4 Rxh2 35. Rg5+ Kf7 36. Rf5+ Ke6 37. Re5+ Kd7 38. d4 Rf2+ 39. Kg3
Rg2+ 40. Kf4 Rg7 41. Rf5 Bg2 42. Rf6 Ra1 43. Rd6+ Kc7 44. d5 Rd1 45. Ke5 Rxd5+
46. Rxd5 Rg5+ 47. Kf6 Rxd5 48. Bf2+ Kd7 49. Bg3 Rh5 50. Rc7+ Kd8 51. Rg7 a5 52.
Bf2 Bh3 0-1

[Event "gameknot.com marekt's mini-tournament (1.b4 thematic) XX"]
[Site "?"]
[Date "2016.??.??"]
[Round "?"]
[White "headologer"]
[Black "tbre0022"]
[Result "0-1"]
[WhiteElo "1960"]
[BlackElo "2195"]
[PlyCount "28"]
[EventDate "2016.??.??"]

1. b4 e5 2. Bb2 f6 3. e4 d5 4. f4 exf4 5. Qh5+ g6 6. Qxd5 Qxd5 7. exd5 Bxb4 8.
Nc3 Ne7 9. Nb5 Nxd5 10. c4 a6 11. cxd5 axb5 12. Bxf6 O-O 13. Be5 Re8 14. Nf3
Nd7 0-1

[Event "gameknot.com marekt's mini-tournament (1.b4 thematic) XX"]
[Site "?"]
[Date "2016.??.??"]
[Round "?"]
[White "srpolash"]
[Black "headologer"]
[Result "1-0"]
[WhiteElo "1910"]
[BlackElo "1935"]
[PlyCount "25"]
[EventDate "2016.??.??"]

1. b4 e5 2. Bb2 f6 3. e4 d5 4. f4 exf4 5. Qh5+ g6 6. Qxd5 Qxd5 7. exd5 Bxb4 8.
Nc3 Bf5 9. Nge2 Bxc2 10. Nd4 Bxc3 11. Bxc3 Ba4 12. Ne6 Kd7 13. Nc5+ 1-0

[Event "gameknot.com marekt's mini-tournament (1.b4 thematic) XX"]
[Site "?"]
[Date "2016.??.??"]
[Round "?"]
[White "rcm06"]
[Black "headologer"]
[Result "1-0"]
[WhiteElo "2150"]
[BlackElo "1955"]
[PlyCount "27"]
[EventDate "2016.??.??"]

1. b4 e5 2. Bb2 f6 3. e4 d5 4. f4 exf4 5. Qh5+ g6 6. Qxd5 Qxd5 7. exd5 Bxb4 8.
Nc3 Bf5 9. Nge2 Bxc2 10. Nxf4 Nd7 11. Nb5 O-O-O 12. Ne6 Re8 13. Rc1 Nb6 14.
Nbxc7 1-0

[Event "gameknot.com marekt's mini-tournament (1.b4 thematic) XX"]
[Site "?"]
[Date "2017.??.??"]
[Round "?"]
[White "srpolash"]
[Black "gluv51"]
[Result "1-0"]
[WhiteElo "2070"]
[BlackElo "2085"]
[PlyCount "109"]
[EventDate "2017.??.??"]

1. b4 e5 2. Bb2 f6 3. e4 d5 4. f4 exf4 5. Qh5+ g6 6. Qxd5 Qxd5 7. exd5 Bxb4 8.
Ne2 c6 9. Nxf4 Bd6 10. g3 Ne7 11. Nc3 Bf5 12. Ne6 Bxc2 13. d3 Nxd5 14. Kd2 Kf7
15. Re1 Nxc3 16. Bxc3 Re8 17. Bh3 Bxd3 18. Kxd3 Na6 19. Kc2 f5 20. Ng5+ Kg8 21.
Bf1 b5 22. Bg2 Nb4+ 23. Kb1 Nd5 24. Bb2 Bb4 25. Rc1 Bd2 26. Rxc6 Nb4 27. Nxh7
Nxc6 28. Nf6+ Kf8 29. Nxe8 Rxe8 30. Bxc6 Re6 31. Bxb5 Rb6 32. Rd1 a6 33. Rxd2
axb5 34. Bd4 Rb7 35. Kc2 Kf7 36. Be5 Re7 37. Rd5 Rb7 38. Bf4 Ke6 39. Rd6+ Kf7
40. Kb3 Kg7 41. Ra6 Kf7 42. Kb4 Kg7 43. h4 Kf7 44. Ra5 Rd7 45. Rxb5 Rd1 46. a4
Rd4+ 47. Ka5 Re4 48. Rc5 Rd4 49. Kb5 Rd3 50. a5 Rb3+ 51. Kc6 Ra3 52. Kb6 Rb3+
53. Rb5 Rd3 54. a6 Rd8 55. a7 1-0

[Event "gameknot.com marekt's mini-tournament (1.b4 thematic) XX"]
[Site "?"]
[Date "2017.??.??"]
[Round "?"]
[White "gluv51"]
[Black "tbre0022"]
[Result "0-1"]
[WhiteElo "2075"]
[BlackElo "2505"]
[PlyCount "112"]
[EventDate "2017.??.??"]

1. b4 e5 2. Bb2 f6 3. e4 d5 4. f4 exf4 5. Qh5+ g6 6. Qxd5 Qxd5 7. exd5 Bxb4 8.
Ne2 f3 9. gxf3 Ne7 10. a3 Bd6 11. c4 b5 12. Bxf6 O-O 13. Bxe7 Bxe7 14. cxb5 a6
15. Ng3 Nd7 16. Nc3 axb5 17. Nxb5 Ne5 18. Be2 Nxf3+ 19. Bxf3 Rxf3 20. a4 Bb7
21. Ke2 Rf7 22. Rhf1 Bf6 23. Ra3 c6 24. Nc7 Re7+ 25. Kd1 Bb2 26. dxc6 Bxa3 27.
cxb7 Rd8 28. Nb5 Bc5 29. Kc2 Rxb7 30. Ne4 Bd4 31. Re1 Re7 32. d3 Bg7 33. h3 Re6
34. Kd2 Rc6 35. Ng5 Rc5 36. h4 Bh6 37. d4 Bxg5+ 38. hxg5 Rxg5 39. Kd3 h5 40.
Re3 h4 41. Nc3 Rh5 42. Re2 h3 43. Rh2 Rh4 44. Nb5 g5 45. Ke2 Re8+ 46. Kd3 g4
47. Nc7 g3 48. Rh1 g2 49. Rg1 Ree4 50. Nb5 Kh7 51. Kc4 h2 52. Rxg2 h1=Q 53. Rg3
Qd1 54. Kc5 Rxd4 55. Nxd4 Qxd4+ 56. Kc6 Rh6+ 0-1

[Event "gameknot.com marekt's mini-tournament (1.b4 thematic) XX"]
[Site "?"]
[Date "2016.??.??"]
[Round "?"]
[White "gluv51"]
[Black "southview"]
[Result "0-1"]
[WhiteElo "2090"]
[BlackElo "2205"]
[PlyCount "94"]
[EventDate "2016.??.??"]

1. b4 e5 2. Bb2 f6 3. e4 d5 4. f4 exf4 5. Qh5+ g6 6. Qxd5 Qxd5 7. exd5 Bxb4 8.
Ne2 f3 9. Nd4 Ne7 10. Nxf3 Nxd5 11. Bc4 Ne3 12. Bb3 Nc6 13. a3 Ba5 14. Bxf6 Rf8
15. Bg7 Rf4 16. Bh6 Re4 17. Bxe3 Rxe3+ 18. Kf2 Re7 19. Nc3 Bb6+ 20. Kg3 Bc5 21.
Rhe1 Bf5 22. Nd5 Rxe1 23. Rxe1+ Kf8 24. Nf6 Bxa3 25. Nxh7+ Kg7 26. Nhg5 a5 27.
Ba4 Bd6+ 28. Kf2 Nb4 29. Ne4 Bf8 30. Nd4 c6 31. Nxf5+ gxf5 32. Ng3 b5 33. Bb3
a4 34. Be6 Re8 35. Nxf5+ Kf6 36. Bd7 Rd8 37. Rf1 Rxd7 38. Ke2 Bc5 39. d4 Bb6
40. h4 Ke6 41. c3 Nd5 42. Kd3 Ba5 43. g4 Bxc3 44. Rf2 a3 45. Rc2 Ra7 46. Rc1 a2
47. Rh1 a1=Q 0-1

[Event "gameknot.com marekt's mini-tournament (1.b4 thematic) XX"]
[Site "?"]
[Date "2017.??.??"]
[Round "?"]
[White "gluv51"]
[Black "srpolash"]
[Result "1/2-1/2"]
[WhiteElo "2045"]
[BlackElo "2100"]
[PlyCount "98"]
[EventDate "2017.??.??"]

1. b4 e5 2. Bb2 f6 3. e4 d5 4. f4 exf4 5. Qh5+ g6 6. Qxd5 Qxd5 7. exd5 Bxb4 8.
Ne2 f3 9. gxf3 Nd7 10. Nbc3 Ne7 11. O-O-O Kf7 12. a3 Bd6 13. Ng3 f5 14. Nb5 Re8
15. c4 Nc5 16. Bc3 Bd7 17. Nxd6+ cxd6 18. Bb4 Nc8 19. d4 Nb3+ 20. Kb2 Nb6 21.
Bxd6 Re3 22. Be2 Na5 23. Bc5 f4 24. Bxb6 axb6 25. Rde1 fxg3 26. hxg3 h5 27. d6
Rae8 28. Rh2 Kf6 29. c5 Rb3+ 30. Ka2 Ree3 31. a4 Ra3+ 32. Kb2 Reb3+ 33. Kc1 Bf5
34. Rd1 Ra2 35. Bd3 Rc3+ 36. Kb1 Rxh2 37. d7 Rxd3 38. d8=Q+ Kf7 39. Qc7+ Kg8
40. Qd8+ Kh7 41. Qe7+ Kh6 42. Qf8+ Kg5 43. Qd8+ Kh6 44. Qh8+ Kg5 45. Qd8+ Kh6
46. Qh8+ Kg5 47. Qd8+ Kh6 48. Qh8+ Kg5 49. Qd8+ Kh6 1/2-1/2

[Event "gameknot.com marekt's mini-tournament (1.b4 thematic) XX"]
[Site "?"]
[Date "2016.??.??"]
[Round "?"]
[White "the_great_omni"]
[Black "southview"]
[Result "0-1"]
[WhiteElo "2425"]
[BlackElo "2205"]
[PlyCount "114"]
[EventDate "2016.??.??"]

1. b4 e5 2. Bb2 f6 3. e4 d5 4. f4 exf4 5. Qh5+ g6 6. Qxd5 Qxd5 7. exd5 Bxb4 8.
Ne2 f3 9. gxf3 Ne7 10. c4 Nd7 11. a3 Ba5 12. Bc3 Bxc3 13. Nbxc3 c6 14. d4 cxd5
15. Nb5 Rb8 16. Nd6+ Kf8 17. c5 Nc6 18. O-O-O b6 19. Nf4 bxc5 20. Re1 Ne7 21.
Ne6+ Kg8 22. Nxc5 Nxc5 23. dxc5 Kf8 24. Bb5 Bh3 25. Re2 h5 26. Ree1 Nf5 27. Bf1
Nxd6 28. cxd6 Bxf1 29. Rhxf1 Re8 30. Kd2 Kf7 31. Rc1 Ke6 32. Rc6 Kd7 33. Ra6
Rb8 34. Rg1 Rhg8 35. f4 Rb6 36. Rxa7+ Kxd6 37. Ra5 Rgb8 38. Kd3 Rc6 39. Rxg6
Rb3+ 40. Kd2 Ke6 41. Rg1 Kf5 42. Re1 Rd6 43. Rh1 h4 44. a4 Ra3 45. Kc2 Ke4 46.
Re1+ Kf3 47. Kb2 Rd3 48. Kc2 Rd4 49. Kc3 Re4 50. Kd2 Rxe1 51. Kxe1 Kg2 52. f5
Kxh2 53. Ra7 Kg3 54. Kd2 Rd8 55. Rg7+ Kf4 56. Rh7 Kg4 57. Rg7+ Kxf5 0-1

[Event "gameknot.com marekt's mini-tournament (1.b4 thematic) XX"]
[Site "?"]
[Date "2016.??.??"]
[Round "?"]
[White "headologer"]
[Black "southview"]
[Result "0-1"]
[WhiteElo "1950"]
[BlackElo "2205"]
[PlyCount "72"]
[EventDate "2016.??.??"]

1. b4 e5 2. Bb2 f6 3. e4 d5 4. f4 exf4 5. Qh5+ g6 6. Qxd5 Qxd5 7. exd5 Bxb4 8.
Ne2 f3 9. gxf3 Ne7 10. Bxf6 O-O 11. Be5 Nxd5 12. Nbc3 Nxc3 13. Nxc3 Re8 14. f4
Nd7 15. Bc4+ Kf8 16. O-O Nxe5 17. fxe5+ Bf5 18. Rae1 Kg7 19. Bb3 Bc5+ 20. Kg2
Rad8 21. d3 Bb4 22. Nd5 Bxe1 23. Rxe1 c6 24. Nf4 Rd4 25. Kg3 g5 26. Nh5+ Kg6
27. Nf6 Re7 28. Re3 b5 29. Ng8 Rg7 30. Nf6 a5 31. a3 h5 32. Kf2 a4 33. Ba2 b4
34. axb4 Rxb4 35. Bc4 a3 36. c3 Rxc4 0-1

[Event "gameknot.com marekt's mini-tournament (1.b4 thematic) XX"]
[Site "?"]
[Date "2016.??.??"]
[Round "?"]
[White "5imon"]
[Black "southview"]
[Result "0-1"]
[WhiteElo "1920"]
[BlackElo "2205"]
[PlyCount "58"]
[EventDate "2016.??.??"]

1. b4 e5 2. Bb2 f6 3. e4 d5 4. f4 exf4 5. Qh5+ g6 6. Qxd5 Qxd5 7. exd5 Bxb4 8.
Ne2 f3 9. gxf3 Ne7 10. c4 Nd7 11. a3 Ba5 12. Bc3 Ne5 13. Nd4 Bb6 14. Be2 Bh3
15. Ne6 Bxe6 16. dxe6 Nf5 17. f4 Nc6 18. Bxf6 Rf8 19. Bb2 Nfd4 20. Rf1 Nc2+ 21.
Kd1 Nxa1 22. Bxa1 Bd4 23. Bc3 Ke7 24. Kc2 Bxc3 25. Kxc3 Rad8 26. d3 Rd4 27. Nd2
Rdxf4 28. Rxf4 Rxf4 29. Ne4 Rh4 0-1

[Event "gameknot.com marekt's mini-tournament (1.b4 thematic) XX"]
[Site "?"]
[Date "2016.??.??"]
[Round "?"]
[White "marekt"]
[Black "srpolash"]
[Result "1/2-1/2"]
[WhiteElo "2155"]
[BlackElo "1935"]
[PlyCount "91"]
[EventDate "2016.??.??"]

1. b4 e5 2. Bb2 f6 3. e4 d5 4. f4 exf4 5. Qh5+ g6 6. Qxd5 Qxd5 7. exd5 Bxb4 8.
Ne2 f3 9. gxf3 Nd7 10. c4 Ne7 11. Bc3 a5 12. a3 Bd6 13. d4 b6 14. Ng3 f5 15. a4
Ba6 16. Kf2 Nf6 17. Na3 Bb4 18. Bb2 Nc8 19. Nb5 Bxb5 20. axb5 Nd6 21. Bd3 O-O
22. Rhc1 Nfe4+ 23. Kg2 Nd2 24. c5 Nf7 25. cxb6 cxb6 26. Rc6 Rab8 27. h4 Rfe8
28. Nf1 Nxf1 29. Rxf1 Nd8 30. Rc4 Nf7 31. Rfc1 Bd2 32. Rd1 Bf4 33. Rc6 Nd8 34.
Rc2 Bd6 35. Ra1 Re3 36. Be2 Re7 37. Bc1 Rc7 38. Rxc7 Bxc7 39. Ra4 Bd6 40. Rc4
Kf8 41. h5 gxh5 42. Bd3 f4 43. Bxh7 Rb7 44. Bd3 Rg7+ 45. Kh2 Ra7 46. Bc2
1/2-1/2

[Event "gameknot.com marekt's mini-tournament (1.b4 thematic) XX"]
[Site "?"]
[Date "2016.??.??"]
[Round "?"]
[White "the_great_omni"]
[Black "headologer"]
[Result "1-0"]
[WhiteElo "2415"]
[BlackElo "1940"]
[PlyCount "23"]
[EventDate "2016.??.??"]

1. b4 e5 2. Bb2 f6 3. e4 d5 4. f4 exf4 5. Qh5+ g6 6. Qxd5 Qxd5 7. exd5 Bxb4 8.
Ne2 Nd7 9. Nxf4 Ne7 10. Bc4 Ne5 11. Bb3 O-O 12. d6+ 1-0

[Event "gameknot.com marekt's mini-tournament (1.b4 thematic) XX"]
[Site "?"]
[Date "2017.??.??"]
[Round "?"]
[White "5imon"]
[Black "srpolash"]
[Result "0-1"]
[WhiteElo "1835"]
[BlackElo "2025"]
[PlyCount "58"]
[EventDate "2017.??.??"]

1. b4 e5 2. Bb2 f6 3. e4 d5 4. f4 exf4 5. Qh5+ g6 6. Qxd5 Qxd5 7. exd5 Bxb4 8.
Ne2 Nd7 9. Nxf4 Bd6 10. g3 Nb6 11. Bb5+ Bd7 12. Bxd7+ Kxd7 13. O-O Re8 14. Nc3
Be5 15. Rab1 f5 16. Nd3 Bd4+ 17. Kg2 Nf6 18. Rf4 Bxc3 19. Bxc3 Nfxd5 20. Bxh8
Nxf4+ 21. Nxf4 Rxh8 22. Re1 Re8 23. Rxe8 Kxe8 24. Ne6 Nc4 25. Nxc7+ Kd7 26. Nb5
a6 27. Nd4 Nxd2 28. Kf2 Kd6 29. Ke3 Nf1+ 0-1

[Event "gameknot.com marekt's mini-tournament (1.b4 thematic) XX"]
[Site "?"]
[Date "2016.??.??"]
[Round "?"]
[White "the_great_omni"]
[Black "srpolash"]
[Result "1/2-1/2"]
[WhiteElo "2425"]
[BlackElo "1930"]
[PlyCount "86"]
[EventDate "2016.??.??"]

1. b4 e5 2. Bb2 f6 3. e4 d5 4. f4 exf4 5. Qh5+ g6 6. Qxd5 Qxd5 7. exd5 Bxb4 8.
Ne2 Ne7 9. Nxf4 Bd6 10. Bxf6 O-O 11. Bxe7 Re8 12. Ne6 Rxe7 13. Nc3 Bxe6 14.
dxe6 Nc6 15. Rb1 Na5 16. g3 Rxe6+ 17. Kd1 Be5 18. Bh3 Ree8 19. Ne4 b6 20. Re1
Rad8 21. Rb4 Bg7 22. Ra4 Re5 23. Nf2 Rxe1+ 24. Kxe1 c5 25. c3 Bh6 26. Ne4 Nc6
27. Kd1 Kf8 28. Ra6 Rd5 29. Bf1 Re5 30. Bb5 Rxe4 31. Bxc6 Re7 32. a4 Rf7 33. d3
Rf2 34. Rxa7 Rd2+ 35. Ke1 Rxh2 36. c4 Be3 37. Rb7 Bf2+ 38. Ke2 Bxg3+ 39. Kf3
Be1 40. Rxb6 h5 41. Rb1 Rf2+ 42. Ke3 Rf6 43. Rxe1 Rxc6 1/2-1/2

[Event "gameknot.com marekt's mini-tournament (1.b4 thematic) XX"]
[Site "?"]
[Date "2016.??.??"]
[Round "?"]
[White "the_great_omni"]
[Black "5imon"]
[Result "1-0"]
[WhiteElo "2410"]
[BlackElo "1880"]
[PlyCount "91"]
[EventDate "2016.??.??"]

1. b4 e5 2. Bb2 f6 3. e4 d5 4. f4 exf4 5. Qh5+ g6 6. Qxd5 Qxd5 7. exd5 Bxb4 8.
Ne2 Ne7 9. Nxf4 Bd6 10. Bxf6 O-O 11. Bxe7 Re8 12. Ne6 Rxe7 13. Nc3 Nc6 14.
O-O-O Bxe6 15. dxe6 Ba3+ 16. Kb1 Rd8 17. Bc4 Na5 18. Bd5 c6 19. Bb3 Nxb3 20.
axb3 Rxe6 21. d3 Rf8 22. Ne4 Re5 23. c3 a5 24. Kc2 Rff5 25. Rde1 Kg7 26. Re2
Bd6 27. d4 Re7 28. Rhe1 Bxh2 29. g4 Rf4 30. Nc5 Rxe2+ 31. Rxe2 Bg3 32. Ne6+ Kf6
33. g5+ Kf5 34. Re5+ Kg4 35. Nxf4 Bxf4 36. Re7 Bxg5 37. Rxh7 b6 38. Rc7 c5 39.
dxc5 bxc5 40. Rc6 Be7 41. Rxg6+ Kf5 42. Ra6 Bd8 43. Kd3 Ke5 44. Kc4 Be7 45.
Rxa5 Kd6 46. Rxc5 1-0